000 00449nam a2200181Ia 4500
001 4423
005 20260306145755.0
008 260306t2021||||xx |||||||||||||| ||spa||
041 _aESP
082 _a321.8
_bL22
100 _aLanegra, Ivan,
_eAUT
245 0 _aLa travesía democrática :
_bla democracia y el bicentenario
260 _c2021
300 _a162 páginas :
_c21 cm.
650 _aGEN
654 _aCHU
942 _cLIB
_dJUS
_fJUS
_2ddc
_n
999 _c4423
_d4423